<?xml version="1.0" encoding="UTF-8"?>
<collection xmlns="http://www.loc.gov/MARC21/slim">
 <record>
  <leader>02188nam a2200301 a 4500</leader>
  <controlfield tag="001">1/49266</controlfield>
  <controlfield tag="008">200227s2014    gr       b    00010 gre  </controlfield>
  <datafield tag="020" ind1=" " ind2=" ">
   <subfield code="a">9789602188873</subfield>
  </datafield>
  <datafield tag="035" ind1=" " ind2=" ">
   <subfield code="l">52267</subfield>
  </datafield>
  <datafield tag="040" ind1=" " ind2=" ">
   <subfield code="a">GR-PeUP</subfield>
  </datafield>
  <datafield tag="082" ind1="0" ind2="0">
   <subfield code="a">301 HUG ΜΤΦ</subfield>
  </datafield>
  <datafield tag="100" ind1="1" ind2=" ">
   <subfield code="a">Hughes, Michael,</subfield>
   <subfield code="d">1947-</subfield>
  </datafield>
  <datafield tag="245" ind1="1" ind2="0">
   <subfield code="a">Κοινωνιολογία :</subfield>
   <subfield code="b">οι βασικές έννοιες /</subfield>
   <subfield code="c">Michael Hughes, Carolyn J. Kroehler ;μετάφραση Γιώργος Ε. Χρηστίδης ;επιστημονική επιμέλεια Θεόδωρος Ιωσηφίδης.</subfield>
  </datafield>
  <datafield tag="250" ind1=" " ind2=" ">
   <subfield code="a">Νέα αναθεωρημένη έκδοση.</subfield>
  </datafield>
  <datafield tag="260" ind1=" " ind2=" ">
   <subfield code="a">Αθήνα :</subfield>
   <subfield code="b">Κριτική,</subfield>
   <subfield code="c">2014.</subfield>
  </datafield>
  <datafield tag="300" ind1=" " ind2=" ">
   <subfield code="a">660 σ. ;</subfield>
   <subfield code="c">24 εκ.</subfield>
  </datafield>
  <datafield tag="490" ind1="1" ind2=" ">
   <subfield code="a">Επιστημονική βιβλιοθήκη ;</subfield>
  </datafield>
  <datafield tag="500" ind1=" " ind2=" ">
   <subfield code="a">Περιεχόμενα: Αναπτύσσοντας κοινωνιολογική συνείδηση -- Πολιτισμός και κοινωνική δομή -- Κοινωνικοποίηση -- Κοινωνικές ομάδες και τυπικές οργανώσεις -- Παρέκκλιση και έγκλημα -- Κοινωνική διαστρωμάτωση -- Φυλετικές και εθνοτικές ανισότητες -- Η έμφυλη ανισότητα -- Πολιτική και οικονομική εξουσία -- Η οικογένεια -- Θρησκεία, εκπαίδευση και ιατρική -- Πληθυσμός και περιβάλλον -- Κοινωνική αλλαγή.</subfield>
  </datafield>
  <datafield tag="504" ind1=" " ind2=" ">
   <subfield code="a">Περιέχει βιβλιογραφία.</subfield>
  </datafield>
  <datafield tag="650" ind1=" " ind2="4">
   <subfield code="a">Κοινωνιολογία.</subfield>
  </datafield>
  <datafield tag="650" ind1=" " ind2="4">
   <subfield code="a">Sociology.</subfield>
  </datafield>
  <datafield tag="700" ind1="1" ind2=" ">
   <subfield code="a">Kroehler, Carolyn J.</subfield>
  </datafield>
  <datafield tag="700" ind1="1" ind2=" ">
   <subfield code="a">Χρηστίδης, Γεώργος Ε.</subfield>
  </datafield>
  <datafield tag="700" ind1="1" ind2=" ">
   <subfield code="a">Ιωσηφίδης, Θεόδωρος.</subfield>
  </datafield>
  <datafield tag="830" ind1=" " ind2="2">
   <subfield code="a">Επιστημονική βιβλιοθήκη.</subfield>
  </datafield>
  <datafield tag="852" ind1=" " ind2=" ">
   <subfield code="a">INST</subfield>
   <subfield code="b">UNIPILB</subfield>
   <subfield code="c">MAIN</subfield>
   <subfield code="e">20200227</subfield>
   <subfield code="h">301 HUG ΜΤΦ</subfield>
   <subfield code="p">00182597</subfield>
   <subfield code="q">00182597</subfield>
   <subfield code="t">LOAN</subfield>
   <subfield code="y">0</subfield>
   <subfield code="4">1</subfield>
  </datafield>
  <datafield tag="852" ind1=" " ind2=" ">
   <subfield code="a">INST</subfield>
   <subfield code="b">UNIPILB</subfield>
   <subfield code="c">MAIN</subfield>
   <subfield code="e">20200227</subfield>
   <subfield code="h">301 HUG ΜΤΦ</subfield>
   <subfield code="p">00182598</subfield>
   <subfield code="q">00182598</subfield>
   <subfield code="t">LOAN</subfield>
   <subfield code="y">0</subfield>
   <subfield code="4">2</subfield>
  </datafield>
  <datafield tag="852" ind1=" " ind2=" ">
   <subfield code="a">INST</subfield>
   <subfield code="b">UNIPILB</subfield>
   <subfield code="c">MAIN</subfield>
   <subfield code="e">20200227</subfield>
   <subfield code="h">301 HUG ΜΤΦ</subfield>
   <subfield code="p">00182599</subfield>
   <subfield code="q">00182599</subfield>
   <subfield code="t">LOAN</subfield>
   <subfield code="y">0</subfield>
   <subfield code="4">3</subfield>
  </datafield>
 </record>
</collection>
